000
00347 a2200169 4500
001
162904
020
_a
85-329-0737-0
040
_c
Magnum
100
_a
Dias, Vera
240
1
0
_a
O avô de margareth
_l
por
245
1
0
_a
O avô de margareth
300
_a
31
362
0
_a
2011
440
1
_a
Lê
697
_a
LITERATURA JUVENIL
942
_c
BK
999
_c
162904
_d
162904